| 000 | 01421nam a2200229Ia 4500 | ||
|---|---|---|---|
| 003 | Ost | ||
| 005 | 20260507074953.0 | ||
| 008 | 260507s9999||||xx |||||||||||||| ||und|| | ||
| 020 | _a7434629953 | ||
| 040 | _cfsecg | ||
| 041 | _aara | ||
| 082 | _a364.133 | ||
| 100 |
_aالحلو، عبد الله محمود _eمؤلف |
||
| 245 | 0 |
_aالجهود الدولية والعربية لمكافحة جريمة تبييض الاموال : _bدراسة مقارنة / _c عبد الله محمود الحلو |
|
| 260 |
_aبيروت: _bمنشورات الحلبي الحقوقية, _c2007 |
||
| 300 |
_a903 صفحة؛ _c25 سم |
||
| 504 | _aببليوغرافيا:ص.880-894 | ||
| 520 | _aمفهوم جريمة تبييض الأموال،الطبيعة القانونية لجريمة تبييض الأموال،الجهود الدولية في مكافحة جريمة تبييض الأموال،الجهود الدولية في تجريم عمليات تبييض الأموال،دور النظام المصرفي الدولي في مكافحة جريمة تبييض الأموال،الجهود العربية في مكافحة تبييض الأموال،جهود المكافحة على الصعيد العربي،مكافحة جريمة تبييض الأموال في التشريعات العربية | ||
| 653 | _aالجرائم الاقتصادية | ||
| 653 | _aجرائم الأموال | ||
| 942 | _cكتاب | ||
| 999 |
_c42012 _d42012 |
||